[Event "U20 Polish Youth Championship"]
[Site "Ustron"]
[Date "2019.11.26"]
[Round "5"]
[White "Sernecki, Franciszek"]
[Black "Oglaza, Oskar"]
[Result "1/2-1/2"]
[Board "11"]
[WhiteElo "2285"]
[WhiteCountry "POL"]
[WhiteFideId "1169297"]
[WhiteEloChange "2"]
[BlackElo "2360"]
[BlackTitle "FM"]
[BlackCountry "POL"]
[BlackFideId "1194402"]
[BlackEloChange "-2"]

1. d4 {[%clk 1:30:30]} f5 {[%clk 1:09:43]} 2. Nf3 {[%clk 1:30:30]} Nf6 {[%clk
1:09:43]} 3. g3 {[%clk 1:30:30]} g6 {[%clk 1:09:43]} 4. Bg2 {[%clk 1:30:30]} Bg7
{[%clk 1:09:43]} 5. O-O {[%clk 1:30:30]} O-O {[%clk 1:09:43]} 6. c4 {[%clk
1:30:30]} d6 {[%clk 1:09:43]} 7. Nc3 {[%clk 1:30:30]} e6 {[%clk 1:09:43]} 8. b4
{[%clk 1:30:30]} Nc6 {[%clk 1:09:43]} 9. a3 {[%clk 1:29:38]} e5 {[%clk 0:58:03]}
10. d5 {[%clk 1:11:48]} Ne7 {[%clk 0:51:00]} 11. e4 {[%clk 1:08:26]} h6 {[%clk
0:49:42]} 12. Bb2 {[%clk 1:02:04]} g5 {[%clk 0:49:00]} 13. exf5 {[%clk 0:58:06]}
Bxf5 {[%clk 0:49:19]} 14. c5 {[%clk 0:54:29]} Ng6 {[%clk 0:49:03]} 15. cxd6
{[%clk 0:50:36]} cxd6 {[%clk 0:49:03]} 16. Nd2 {[%clk 0:49:59]} Qd7 {[%clk
0:40:01]} 17. Nce4 {[%clk 0:42:46]} Rad8 {[%clk 0:36:45]} 18. Rc1 {[%clk
0:40:36]} Bh3 {[%clk 0:30:48]} 19. Nxf6+ {[%clk 0:34:29]} Rxf6 {[%clk 0:31:13]}
20. Ne4 {[%clk 0:33:46]} Rff8 {[%clk 0:26:43]} 21. Rc3 {[%clk 0:31:16]} Bxg2
{[%clk 0:25:25]} 22. Kxg2 {[%clk 0:31:20]} Qf5 {[%clk 0:25:50]} 23. Qf3 {[%clk
0:27:42]} Qd7 {[%clk 0:26:04]} 24. Qe2 {[%clk 0:27:15]} Rf4 {[%clk 0:24:55]} 25.
Kg1 {[%clk 0:24:43]} Rf7 {[%clk 0:23:00]} 26. Rfc1 {[%clk 0:24:05]} Qh3 {[%clk
0:22:49]} 27. Rc7 {[%clk 0:23:23]} Rdd7 {[%clk 0:21:25]} 28. Rxd7 {[%clk
0:23:21]} Rxd7 {[%clk 0:21:23]} 29. a4 {[%clk 0:22:49]} Qf5 {[%clk 0:19:33]} 30.
b5 {[%clk 0:21:50]} Ne7 {[%clk 0:19:37]} 31. Ba3 {[%clk 0:21:02]} Qg6 {[%clk
0:18:43]} 32. a5 {[%clk 0:19:58]} Nf5 {[%clk 0:18:42]} 33. Rc8+ {[%clk 0:20:07]}
Kh7 {[%clk 0:19:07]} 34. Bb2 {[%clk 0:18:58]} Nd4 {[%clk 0:13:33]} 35. Bxd4
{[%clk 0:18:46]} exd4 {[%clk 0:13:57]} 36. Re8 {[%clk 0:18:24]} Be5 {[%clk
0:09:15]} 37. Qc2 {[%clk 0:18:12]} Kg7 {[%clk 0:09:03]} 38. Qc8 {[%clk 0:18:16]}
Qf7 {[%clk 0:08:10]} 39. Re6 {[%clk 0:17:54]} Rc7 {[%clk 0:06:29]} 40. Qd8 {[%clk
0:17:53]} g4 {[%clk 0:01:41]} 41. Ng5 hxg5 42. Qxg5+ Kf8 43. Qd8+ Kg7 44. Qg5+
1/2-1/2

[Event "U20 Polish Youth Championship"]
[Site "Ustron"]
[Date "2019.11.26"]
[Round "5"]
[White "Kozak, Antoni"]
[Black "Hasterok, Mateusz"]
[Result "1-0"]
[Board "12"]
[WhiteElo "2350"]
[WhiteCountry "POL"]
[WhiteFideId "21832030"]
[WhiteEloChange "3"]
[BlackElo "2018"]
[BlackCountry "POL"]
[BlackFideId "21822352"]
[BlackEloChange "-3"]

1. d4 {[%clk 1:30:30]} f5 {[%clk 1:30:29]} 2. g3 {[%clk 1:30:30]} Nf6 {[%clk
1:30:29]} 3. Bg2 {[%clk 1:30:44]} g6 {[%clk 1:30:29]} 4. Nf3 {[%clk 1:30:44]} Bg7
{[%clk 1:30:54]} 5. O-O {[%clk 1:30:44]} O-O {[%clk 1:31:14]} 6. Nbd2 {[%clk
1:30:44]} d5 {[%clk 1:23:08]} 7. c4 {[%clk 1:28:56]} c6 {[%clk 1:23:07]} 8. b3
{[%clk 1:25:01]} Qa5 {[%clk 1:17:34]} 9. a3 {[%clk 1:20:20]} Ne4 {[%clk 1:16:02]}
10. b4 {[%clk 1:19:54]} Qd8 {[%clk 1:15:51]} 11. Bb2 {[%clk 1:19:28]} Nd7 {[%clk
1:14:44]} 12. Rc1 {[%clk 1:18:41]} e6 {[%clk 1:13:32]} 13. e3 {[%clk 1:16:57]} g5
{[%clk 1:05:43]} 14. Ne1 {[%clk 1:15:13]} Nxd2 {[%clk 1:02:17]} 15. Qxd2 {[%clk
1:15:13]} Nb6 {[%clk 1:02:31]} 16. cxd5 {[%clk 1:08:46]} exd5 {[%clk 1:01:13]}
17. Nd3 {[%clk 1:07:28]} Nc4 {[%clk 1:00:31]} 18. Qe2 {[%clk 1:07:53]} Qe7 {[%clk
0:56:23]} 19. Rfe1 {[%clk 1:05:07]} Be6 {[%clk 0:49:09]} 20. a4 {[%clk 1:04:56]}
Bf7 {[%clk 0:43:44]} 21. Bc3 {[%clk 1:05:11]} Rfe8 {[%clk 0:41:23]} 22. b5 {[%clk
1:01:54]} cxb5 {[%clk 0:36:08]} 23. axb5 {[%clk 1:01:54]} Rac8 {[%clk 0:31:19]}
24. Ra1 {[%clk 1:01:54]} Qd7 {[%clk 0:29:25]} 25. Rxa7 {[%clk 0:55:16]} Qxb5
{[%clk 0:27:35]} 26. Ne5 {[%clk 0:54:55]} Be6 {[%clk 0:22:51]} 27. Nxc4 {[%clk
0:50:41]} Rxc4 {[%clk 0:23:00]} 28. Rxb7 {[%clk 0:49:48]} Qc6 {[%clk 0:20:50]}
29. Bd2 {[%clk 0:50:13]} Bc8 {[%clk 0:19:37]} 30. Rb6 {[%clk 0:49:25]} Qd7 {[%clk
0:17:58]} 31. Qh5 {[%clk 0:48:38]} Re6 {[%clk 0:15:22]} 32. Rxe6 {[%clk 0:48:00]}
Qxe6 {[%clk 0:15:47]} 33. Qxg5 {[%clk 0:48:25]} Bd7 {[%clk 0:15:30]} 34. g4
{[%clk 0:47:42]} h6 {[%clk 0:14:47]} 35. Qxf5 {[%clk 0:47:15]} Qxf5 {[%clk
0:14:46]} 36. gxf5 {[%clk 0:47:40]} Rc2 {[%clk 0:15:11]} 37. Bxd5+ {[%clk
0:47:54]} Kh8 {[%clk 0:15:25]} 38. Bb4 {[%clk 0:48:14]} 1-0

[Event "U20 Polish Youth Championship"]
[Site "Ustron"]
[Date "2019.11.26"]
[Round "5"]
[White "Fiedorek, Michal"]
[Black "Trybus, Daniel"]
[Result "1-0"]
[Board "13"]
[WhiteElo "2333"]
[WhiteTitle "FM"]
[WhiteCountry "POL"]
[WhiteFideId "1199528"]
[WhiteEloChange "2"]
[BlackElo "1862"]
[BlackCountry "POL"]
[BlackFideId "21816131"]
[BlackEloChange "-2"]

1. e4 {[%clk 1:30:56]} Nf6 {[%clk 1:30:49]} 2. e5 {[%clk 1:31:21]} Nd5 {[%clk
1:31:17]} 3. d4 {[%clk 1:31:42]} d6 {[%clk 1:31:45]} 4. c4 {[%clk 1:32:02]} Nb6
{[%clk 1:32:14]} 5. exd6 {[%clk 1:32:23]} cxd6 {[%clk 1:32:41]} 6. Nc3 {[%clk
1:32:18]} g6 {[%clk 1:33:06]} 7. Bg5 {[%clk 1:32:37]} Bg7 {[%clk 1:33:11]} 8. Rc1
{[%clk 1:32:45]} O-O {[%clk 1:32:56]} 9. Nf3 {[%clk 1:32:43]} Bg4 {[%clk
1:30:34]} 10. Be2 {[%clk 1:32:59]} h6 {[%clk 1:29:00]} 11. Be3 {[%clk 1:32:27]}
f5 {[%clk 1:28:13]} 12. Qb3 {[%clk 1:14:54]} f4 {[%clk 1:18:42]} 13. c5+ {[%clk
1:13:09]} d5 {[%clk 1:09:30]} 14. Bd2 {[%clk 1:09:50]} Nc4 {[%clk 1:08:05]} 15.
Qxb7 {[%clk 1:08:13]} Nxd2 {[%clk 1:03:42]} 16. Qxa8 {[%clk 0:48:40]} Nxf3+
{[%clk 0:55:38]} 17. gxf3 {[%clk 0:43:57]} Be6 {[%clk 0:52:33]} 18. Qb7 {[%clk
0:38:16]} Bxd4 {[%clk 0:39:53]} 19. c6 {[%clk 0:36:08]} Qd6 {[%clk 0:33:31]} 20.
c7 {[%clk 0:30:00]} Nc6 {[%clk 0:29:29]} 21. Ne4 {[%clk 0:19:25]} dxe4 {[%clk
0:23:38]} 22. Rxc6 {[%clk 0:19:01]} Bxf2+ {[%clk 0:21:14]} 23. Kxf2 {[%clk
0:18:25]} Qd4+ {[%clk 0:14:22]} 24. Ke1 {[%clk 0:16:35]} Qe3 {[%clk 0:08:47]} 25.
c8Q {[%clk 0:15:01]} Rxc8 {[%clk 0:06:07]} 26. Rxc8+ {[%clk 0:15:17]} Bxc8 {[%clk
0:05:32]} 27. Qxc8+ {[%clk 0:15:06]} Kg7 {[%clk 0:06:01]} 28. Qc3+ {[%clk
0:15:24]} 1-0

[Event "U20 Polish Youth Championship"]
[Site "Ustron"]
[Date "2019.11.26"]
[Round "5"]
[White "Jarzebowski, Kacper"]
[Black "Adamczewski, Maciej"]
[Result "1-0"]
[Board "14"]
[WhiteElo "2079"]
[WhiteCountry "POL"]
[WhiteFideId "1184954"]
[WhiteEloChange "10"]
[BlackElo "2095"]
[BlackCountry "POL"]
[BlackFideId "1148702"]
[BlackEloChange "-10"]

1. d4 {[%clk 1:26:51]} e6 {[%clk 1:28:44]} 2. e4 {[%clk 1:25:52]} d5 {[%clk
1:29:00]} 3. e5 {[%clk 1:26:18]} c5 {[%clk 1:29:25]} 4. Qg4 {[%clk 1:26:44]} Nc6
{[%clk 1:29:31]} 5. Nf3 {[%clk 1:26:58]} Qc7 {[%clk 1:29:12]} 6. Bd3 {[%clk
1:24:26]} Nb4 {[%clk 1:22:15]} 7. dxc5 {[%clk 1:21:04]} Qxc5 {[%clk 1:21:18]} 8.
O-O {[%clk 1:21:28]} Bd7 {[%clk 1:18:36]} 9. Be3 {[%clk 1:20:46]} Qc7 {[%clk
1:17:26]} 10. Nc3 {[%clk 1:21:02]} Nh6 {[%clk 1:02:08]} 11. Nb5 {[%clk 1:15:27]}
Bxb5 {[%clk 1:01:27]} 12. Bxb5+ {[%clk 1:15:49]} Nc6 {[%clk 1:01:37]} 13. Bxh6
{[%clk 1:14:38]} gxh6 {[%clk 1:02:00]} 14. Qa4 {[%clk 1:14:50]} Bc5 {[%clk
1:00:11]} 15. c4 {[%clk 1:13:41]} dxc4 {[%clk 0:51:13]} 16. Qxc4 {[%clk 1:13:49]}
Be7 {[%clk 0:47:22]} 17. Rac1 {[%clk 1:13:38]} Rc8 {[%clk 0:47:40]} 18. Nd4
{[%clk 0:57:15]} Kf8 {[%clk 0:44:13]} 19. Bxc6 {[%clk 0:56:25]} Qxe5 {[%clk
0:34:07]} 20. Rfe1 {[%clk 0:55:45]} Qd6 {[%clk 0:33:26]} 21. Rcd1 {[%clk
0:52:38]} Rxc6 {[%clk 0:32:37]} 22. Nxc6 {[%clk 0:52:23]} Qxc6 {[%clk 0:33:03]}
23. Qxc6 {[%clk 0:52:30]} bxc6 {[%clk 0:33:28]} 24. Rd7 {[%clk 0:52:43]} Rg8
{[%clk 0:32:55]} 25. Rxa7 {[%clk 0:52:40]} Rg4 {[%clk 0:33:00]} 26. Rc1 {[%clk
0:52:12]} c5 {[%clk 0:33:21]} 27. g3 {[%clk 0:52:03]} Rd4 {[%clk 0:33:37]} 28.
Rc2 {[%clk 0:52:25]} h5 {[%clk 0:33:47]} 29. h4 {[%clk 0:52:07]} f5 {[%clk
0:33:27]} 30. f4 {[%clk 0:51:43]} Ke8 {[%clk 0:32:02]} 31. a4 {[%clk 0:46:48]}
Rb4 {[%clk 0:31:54]} 32. a5 {[%clk 0:45:07]} Bf6 {[%clk 0:32:09]} 33. a6 {[%clk
0:42:56]} Rb6 {[%clk 0:28:34]} 34. Kf1 {[%clk 0:41:17]} Bd4 {[%clk 0:28:54]} 35.
b3 {[%clk 0:39:13]} Kd8 {[%clk 0:23:53]} 36. Ke2 {[%clk 0:36:16]} Rxb3 {[%clk
0:23:11]} 37. Rxh7 {[%clk 0:36:14]} Rxg3 {[%clk 0:23:11]} 38. a7 {[%clk 0:36:28]}
Ra3 {[%clk 0:23:32]} 39. Rb7 {[%clk 0:36:37]} 1-0

[Event "U20 Polish Youth Championship"]
[Site "Ustron"]
[Date "2019.11.26"]
[Round "5"]
[White "Kania, Dominik"]
[Black "Wisniewski, Michal"]
[Result "0-1"]
[Board "15"]
[WhiteElo "1988"]
[WhiteCountry "POL"]
[WhiteFideId "21845204"]
[WhiteEloChange "-5"]
[BlackElo "2158"]
[BlackCountry "POL"]
[BlackFideId "1159682"]
[BlackEloChange "5"]

1. d4 {[%clk 1:30:47]} c5 {[%clk 1:26:43]} 2. c3 {[%clk 1:30:45]} Nf6 {[%clk
1:26:22]} 3. Bf4 {[%clk 1:30:19]} cxd4 {[%clk 1:26:16]} 4. cxd4 {[%clk 1:30:42]}
d6 {[%clk 1:26:44]} 5. Nc3 {[%clk 1:29:39]} g6 {[%clk 1:24:39]} 6. e3 {[%clk
1:26:36]} Bg7 {[%clk 1:24:54]} 7. Be2 {[%clk 1:25:40]} O-O {[%clk 1:25:05]} 8.
Nf3 {[%clk 1:23:50]} a6 {[%clk 1:25:32]} 9. a4 {[%clk 1:23:33]} b6 {[%clk
1:25:50]} 10. h3 {[%clk 1:22:47]} Bb7 {[%clk 1:26:11]} 11. O-O {[%clk 1:23:06]}
Nc6 {[%clk 1:26:39]} 12. Rb1 {[%clk 1:06:30]} Rc8 {[%clk 1:22:01]} 13. Qd2 {[%clk
0:53:11]} Nb4 {[%clk 1:20:19]} 14. Rfc1 {[%clk 0:52:19]} a5 {[%clk 1:20:36]} 15.
Ne1 {[%clk 0:50:22]} Ne4 {[%clk 1:17:39]} 16. Nxe4 {[%clk 0:44:46]} Bxe4 {[%clk
1:18:03]} 17. Nd3 {[%clk 0:45:06]} e5 {[%clk 1:14:29]} 18. Rxc8 {[%clk 0:42:14]}
Qxc8 {[%clk 1:14:40]} 19. Rc1 {[%clk 0:41:01]} Qa8 {[%clk 1:15:10]} 20. dxe5
{[%clk 0:34:06]} dxe5 {[%clk 0:57:50]} 21. Nxe5 {[%clk 0:31:59]} Bxg2 {[%clk
0:58:15]} 22. Qd6 {[%clk 0:29:01]} Bxh3 {[%clk 0:57:36]} 23. Nc6 {[%clk 0:24:20]}
Nxc6 {[%clk 0:52:36]} 24. Qxc6 {[%clk 0:22:18]} Qxc6 {[%clk 0:45:58]} 25. Rxc6
{[%clk 0:22:35]} Bxb2 {[%clk 0:46:25]} 26. Rxb6 {[%clk 0:22:58]} Bc3 {[%clk
0:46:50]} 27. Bc4 {[%clk 0:22:11]} Re8 {[%clk 0:43:03]} 28. Rc6 {[%clk 0:20:59]}
Be5 {[%clk 0:42:28]} 29. Bxe5 {[%clk 0:13:26]} Rxe5 {[%clk 0:42:52]} 30. Rc7
{[%clk 0:13:52]} Be6 {[%clk 0:42:39]} 31. Bb5 {[%clk 0:12:22]} Kg7 {[%clk
0:42:52]} 32. Ra7 {[%clk 0:12:43]} Bb3 {[%clk 0:43:21]} 33. Kg2 {[%clk 0:11:52]}
h5 {[%clk 0:42:54]} 34. Kg3 {[%clk 0:11:23]} Rg5+ {[%clk 0:43:13]} 35. Kh3 {[%clk
0:11:19]} Rf5 {[%clk 0:43:40]} 36. Kg3 {[%clk 0:11:17]} g5 {[%clk 0:44:03]} 37.
Ra6 {[%clk 0:10:18]} h4+ {[%clk 0:44:00]} 38. Kg2 {[%clk 0:10:20]} Bd5+ {[%clk
0:44:02]} 39. Kg1 {[%clk 0:10:02]} Bf3 {[%clk 0:44:06]} 40. Bf1 {[%clk 0:31:03]}
g4 {[%clk 1:06:44]} 41. Bg2 {[%clk 0:30:26]} Bxg2 {[%clk 1:05:17]} 42. Kxg2
{[%clk 0:30:45]} h3+ {[%clk 1:05:46]} 43. Kg1 {[%clk 0:30:33]} Rc5 {[%clk
1:06:13]} 44. Kh2 {[%clk 0:30:07]} Rc2 {[%clk 1:06:05]} 45. Kg3 {[%clk 0:30:01]}
Rc1 {[%clk 1:06:32]} 46. Rxa5 {[%clk 0:29:42]} Rg1+ {[%clk 1:06:58]} 47. Kh2
{[%clk 0:30:05]} Rg2+ {[%clk 1:07:27]} 48. Kh1 {[%clk 0:30:27]} Kg6 {[%clk
1:07:56]} 49. Ra6+ {[%clk 0:28:43]} f6 {[%clk 1:06:44]} 50. e4 {[%clk 0:27:48]}
Rxf2 {[%clk 1:07:04]} 51. e5 {[%clk 0:28:03]} Kg5 {[%clk 1:07:30]} 52. Rxf6
{[%clk 0:26:59]} Ra2 {[%clk 1:06:40]} 53. Rf8 {[%clk 0:26:48]} Rxa4 {[%clk
1:06:49]} 54. e6 {[%clk 0:27:05]} Re4 {[%clk 1:07:16]} 55. Re8 {[%clk 0:26:17]}
Kh4 {[%clk 1:07:20]} 56. Kg1 {[%clk 0:26:03]} Kg3 {[%clk 1:07:48]} 57. Kf1 {[%clk
0:26:08]} h2 {[%clk 1:08:15]} 58. Rh8 {[%clk 0:25:57]} Rxe6 {[%clk 1:08:31]} 0-1

[Event "U20 Polish Youth Championship"]
[Site "Ustron"]
[Date "2019.11.26"]
[Round "5"]
[White "Jeda, Maciej"]
[Black "Jankowiak, Tomasz"]
[Result "0-1"]
[Board "16"]
[WhiteElo "1865"]
[WhiteCountry "POL"]
[WhiteFideId "21857679"]
[WhiteEloChange "-4"]
[BlackElo "2111"]
[BlackCountry "POL"]
[BlackFideId "1185357"]
[BlackEloChange "4"]

1. e4 {[%clk 1:30:57]} c5 {[%clk 1:30:52]} 2. Nf3 {[%clk 1:31:16]} d6 {[%clk
1:31:18]} 3. d4 {[%clk 1:31:34]} cxd4 {[%clk 1:31:43]} 4. Nxd4 {[%clk 1:31:51]}
Nf6 {[%clk 1:32:07]} 5. Nc3 {[%clk 1:32:10]} a6 {[%clk 1:32:32]} 6. Be2 {[%clk
1:32:28]} e5 {[%clk 1:32:50]} 7. Nb3 {[%clk 1:32:50]} Be7 {[%clk 1:33:13]} 8. O-O
{[%clk 1:33:08]} O-O {[%clk 1:33:35]} 9. Kh1 {[%clk 1:33:23]} b6 {[%clk 1:18:22]}
10. Be3 {[%clk 1:29:26]} Bb7 {[%clk 1:17:59]} 11. f3 {[%clk 1:29:34]} Nbd7 {[%clk
1:17:41]} 12. Qe1 {[%clk 1:23:11]} Qc7 {[%clk 1:06:45]} 13. Qf2 {[%clk 1:21:50]}
b5 {[%clk 1:03:49]} 14. Rfd1 {[%clk 1:21:01]} b4 {[%clk 0:56:23]} 15. Na4 {[%clk
1:08:21]} d5 {[%clk 0:47:56]} 16. Nb6 {[%clk 1:07:16]} Nxb6 {[%clk 0:46:19]} 17.
Bxb6 {[%clk 1:07:37]} Qc8 {[%clk 0:35:05]} 18. exd5 {[%clk 1:05:33]} Bxd5 {[%clk
0:35:11]} 19. Rac1 {[%clk 0:59:54]} Qc6 {[%clk 0:32:39]} 20. c4 {[%clk 0:58:09]}
bxc3 {[%clk 0:31:14]} 21. Rxc3 {[%clk 0:57:38]} Qa4 {[%clk 0:31:10]} 22. Nc5
{[%clk 0:32:09]} Qxa2 {[%clk 0:29:43]} 23. Bc4 {[%clk 0:29:17]} Bxc5 {[%clk
0:18:02]} 24. Bxc5 {[%clk 0:29:30]} Qa4 {[%clk 0:17:32]} 25. b3 {[%clk 0:28:07]}
Qa5 {[%clk 0:17:33]} 26. Rcc1 {[%clk 0:26:58]} Bxc4 {[%clk 0:13:34]} 27. Bxf8
{[%clk 0:23:07]} Bxb3 {[%clk 0:13:38]} 28. Rd3 {[%clk 0:22:59]} Qb5 {[%clk
0:09:17]} 29. Qd2 {[%clk 0:21:26]} e4 {[%clk 0:02:23]} 30. Rd8 {[%clk 0:21:04]}
Rxd8 {[%clk 0:02:48]} 31. Qxd8 {[%clk 0:21:18]} exf3 {[%clk 0:02:54]} 32. Ba3+
{[%clk 0:17:09]} Ne8 {[%clk 0:02:31]} 33. gxf3 {[%clk 0:11:45]} Bd5 {[%clk
0:00:50]} 34. Re1 {[%clk 0:10:43]} Bxf3+ {[%clk 0:00:51]} 35. Kg1 {[%clk
0:11:06]} Bc6 {[%clk 0:01:14]} 36. Qe7 {[%clk 0:11:23]} h6 {[%clk 0:01:21]} 37.
Qf8+ {[%clk 0:09:36]} Kh7 {[%clk 0:01:49]} 38. Qxf7 {[%clk 0:09:50]} Qg5+ {[%clk
0:01:52]} 39. Kf2 {[%clk 0:10:13]} Qh4+ {[%clk 0:01:34]} 40. Kf1 {[%clk 0:38:52]}
Bb5+ {[%clk 0:31:21]} 41. Re2 {[%clk 0:37:54]} Qe4 {[%clk 0:24:06]} 42. Qh5
{[%clk 0:37:55]} Bxe2+ {[%clk 0:24:04]} 43. Qxe2 {[%clk 0:38:14]} Qh1+ {[%clk
0:24:26]} 0-1

[Event "U20 Polish Youth Championship"]
[Site "Ustron"]
[Date "2019.11.26"]
[Round "5"]
[White "Dzwierzynski, Bartosz"]
[Black "Raclawicki, Kacper"]
[Result "0-1"]
[Board "17"]
[WhiteElo "2065"]
[WhiteCountry "POL"]
[WhiteFideId "21812837"]
[WhiteEloChange "-15"]
[BlackElo "1854"]
[BlackCountry "POL"]
[BlackFideId "1174681"]
[BlackEloChange "15"]

1. d4 {[%clk 1:30:58]} Nf6 {[%clk 1:30:48]} 2. c4 {[%clk 1:31:25]} g6 {[%clk
1:30:58]} 3. Nc3 {[%clk 1:31:51]} d5 {[%clk 1:31:04]} 4. cxd5 {[%clk 1:32:15]}
Nxd5 {[%clk 1:31:23]} 5. Bd2 {[%clk 1:32:42]} Bg7 {[%clk 1:29:13]} 6. e4 {[%clk
1:32:13]} Nb6 {[%clk 1:24:58]} 7. Be3 {[%clk 1:32:33]} O-O {[%clk 1:23:35]} 8.
Nf3 {[%clk 1:32:15]} Bg4 {[%clk 1:17:47]} 9. Be2 {[%clk 1:32:38]} Bxf3 {[%clk
1:09:17]} 10. Bxf3 {[%clk 1:32:51]} e5 {[%clk 1:09:04]} 11. d5 {[%clk 1:31:35]}
Qe7 {[%clk 0:59:51]} 12. Qb3 {[%clk 1:30:39]} Na6 {[%clk 0:53:07]} 13. O-O {[%clk
1:29:09]} Rfe8 {[%clk 0:44:45]} 14. Be2 {[%clk 1:26:01]} Nc5 {[%clk 0:42:43]} 15.
Qc2 {[%clk 1:25:24]} c6 {[%clk 0:34:13]} 16. Nb5 {[%clk 1:09:08]} cxb5 {[%clk
0:26:07]} 17. Bxc5 {[%clk 1:02:12]} Rac8 {[%clk 0:25:27]} 18. b4 {[%clk 1:01:41]}
Qd7 {[%clk 0:23:50]} 19. Qd1 {[%clk 0:54:39]} Na4 {[%clk 0:22:50]} 20. Be3 {[%clk
0:53:08]} Bf8 {[%clk 0:18:54]} 21. a3 {[%clk 0:53:31]} Rc3 {[%clk 0:16:03]} 22.
Qd2 {[%clk 0:52:04]} Rec8 {[%clk 0:14:27]} 23. Rfc1 {[%clk 0:51:48]} a5 {[%clk
0:13:47]} 24. Rxc3 {[%clk 0:47:58]} Rxc3 {[%clk 0:13:19]} 25. Bd1 {[%clk
0:46:29]} axb4 {[%clk 0:12:53]} 26. axb4 {[%clk 0:45:52]} Bxb4 {[%clk 0:13:11]}
27. Rb1 {[%clk 0:44:46]} Qd6 {[%clk 0:11:28]} 28. Rxb4 {[%clk 0:26:37]} Qxb4
{[%clk 0:10:43]} 29. d6 {[%clk 0:27:00]} Rc1 {[%clk 0:09:03]} 30. Kf1 {[%clk
0:26:04]} Qxd2 {[%clk 0:08:15]} 31. Bxd2 {[%clk 0:26:31]} Rxd1+ {[%clk 0:08:33]}
32. Ke2 {[%clk 0:26:59]} Rxd2+ {[%clk 0:08:46]} 33. Kxd2 {[%clk 0:27:26]} Kf8
{[%clk 0:08:43]} 0-1

[Event "U20 Polish Youth Championship"]
[Site "Ustron"]
[Date "2019.11.26"]
[Round "5"]
[White "Panek, Bartosz"]
[Black "Starosciak, Szymon"]
[Result "1-0"]
[Board "18"]
[WhiteElo "2029"]
[WhiteCountry "POL"]
[WhiteFideId "1198220"]
[WhiteEloChange "3"]
[BlackElo "1714"]
[BlackCountry "POL"]
[BlackFideId "21895848"]
[BlackEloChange "-3"]

1. d4 {[%clk 1:30:55]} Nf6 {[%clk 1:30:53]} 2. c4 {[%clk 1:31:19]} g6 {[%clk
1:31:15]} 3. Nc3 {[%clk 1:31:42]} Bg7 {[%clk 1:31:38]} 4. e4 {[%clk 1:32:05]} d6
{[%clk 1:32:03]} 5. Be2 {[%clk 1:32:33]} O-O {[%clk 1:32:24]} 6. Be3 {[%clk
1:32:59]} c5 {[%clk 1:27:46]} 7. d5 {[%clk 1:33:23]} e6 {[%clk 1:26:20]} 8. Nf3
{[%clk 1:33:47]} exd5 {[%clk 1:26:05]} 9. cxd5 {[%clk 1:34:11]} Re8 {[%clk
1:18:05]} 10. Nd2 {[%clk 1:34:32]} a6 {[%clk 1:14:01]} 11. a4 {[%clk 1:34:47]} b6
{[%clk 1:14:10]} 12. O-O {[%clk 1:34:00]} Nbd7 {[%clk 1:10:19]} 13. h3 {[%clk
1:30:47]} Rb8 {[%clk 1:08:16]} 14. Qc2 {[%clk 1:26:09]} Qc7 {[%clk 1:04:57]} 15.
Kh1 {[%clk 1:14:48]} Bb7 {[%clk 0:57:29]} 16. Bf4 {[%clk 1:12:11]} Ne5 {[%clk
0:55:21]} 17. Bh2 {[%clk 1:11:28]} g5 {[%clk 0:52:15]} 18. Bxe5 {[%clk 1:08:38]}
dxe5 {[%clk 0:52:39]} 19. Rfd1 {[%clk 1:07:54]} Red8 {[%clk 0:50:51]} 20. Ra3
{[%clk 0:59:42]} Ne8 {[%clk 0:48:47]} 21. Nc4 {[%clk 0:53:56]} Nd6 {[%clk
0:48:29]} 22. Nxd6 {[%clk 0:52:49]} Qxd6 {[%clk 0:46:45]} 23. Bc4 {[%clk
0:52:59]} Qf6 {[%clk 0:35:12]} 24. Qe2 {[%clk 0:52:18]} Ra8 {[%clk 0:34:35]} 25.
Rda1 {[%clk 0:51:17]} Rd6 {[%clk 0:29:51]} 26. Nd1 {[%clk 0:51:24]} Bc8 {[%clk
0:28:05]} 27. Kg1 {[%clk 0:48:20]} Qg6 {[%clk 0:26:58]} 28. f3 {[%clk 0:31:47]}
h5 {[%clk 0:25:37]} 29. Ne3 {[%clk 0:31:49]} Rd8 {[%clk 0:17:03]} 30. Rd1 {[%clk
0:31:57]} Bh6 {[%clk 0:16:18]} 31. Rf1 {[%clk 0:22:25]} Qf6 {[%clk 0:13:08]} 32.
Rb3 {[%clk 0:14:48]} Kh7 {[%clk 0:06:57]} 33. Nf5 {[%clk 0:14:52]} Bxf5 {[%clk
0:06:59]} 34. exf5 {[%clk 0:15:18]} a5 {[%clk 0:07:17]} 35. Re1 {[%clk 0:14:07]}
Bg7 {[%clk 0:05:01]} 36. Qe4 {[%clk 0:14:16]} Kh8 {[%clk 0:03:26]} 37. g4 {[%clk
0:14:05]} h4 {[%clk 0:03:28]} 38. Rd1 {[%clk 0:14:01]} Bf8 {[%clk 0:01:57]} 39.
d6 {[%clk 0:09:55]} Rxd6 {[%clk 0:00:47]} 40. Rxd6 {[%clk 0:40:11]} Qxd6 {[%clk
0:31:15]} 41. Qxa8 {[%clk 0:09:00]} Qd4+ {[%clk 0:30:14]} 42. Kg2 {[%clk
0:08:53]} Qd2+ {[%clk 0:29:42]} 43. Kf1 {[%clk 0:07:18]} Qc1+ {[%clk 0:23:59]}
44. Kf2 {[%clk 0:06:14]} Qc2+ {[%clk 0:23:40]} 45. Be2 {[%clk 0:05:52]} Kg7
{[%clk 0:23:44]} 46. Qd5 {[%clk 0:05:45]} c4 {[%clk 0:23:50]} 47. Qxe5+ {[%clk
0:04:54]} Kg8 {[%clk 0:23:27]} 48. Rxb6 {[%clk 0:03:38]} Qd2 {[%clk 0:23:17]} 49.
Rb8 {[%clk 0:03:32]} c3 {[%clk 0:23:20]} 50. bxc3 {[%clk 0:03:27]} f6 {[%clk
0:22:32]} 51. Qe6+ {[%clk 0:02:22]} Kg7 {[%clk 0:22:07]} 52. Rb7+ {[%clk
0:02:46]} Kh8 {[%clk 0:22:15]} 53. Qxf6+ {[%clk 0:03:09]} Kg8 {[%clk 0:22:36]}
54. Qg6+ {[%clk 0:03:32]} 1-0